BIBLIOTHÈQUE DE LA MAISON DU MEXIQUE

Logo 1 Logo 2

Pateando lunas (notice nᵒ 11996)

détails MARC
000 -Sello discográfico
campo de control de longitud fija 00853nam a2200289 4500
005 - Identificación de versión
campo de control 20250925141625.0
010 ## - Número Estándar Internacional de Libros (ISBN)
Número (ISBN) 968-29-4154-7
035 ## - Otros números de control del sistema
Número de control del sistema 4154
099 ## - fechas locales
Tipo de ítem Koha LIBRO
100 ## - Datos de procesamiento general
Datos de procesamiento general 20041124d1992 m y1spay5003 ba
105 ## - Campo de datos codificados: Material textual, monográfico
Datos codificados de monografía a 001ay
200 1# - Título y mención de responsabilidad
Título propio Pateando lunas
Designación general del material texto impreso
Primer mención de responsabilidad Roy Berocay
Declaración de responsabilidad subsiguiente ilustración Gabriela Rodríguez
205 ## - Declaración de edición
Declaración de edición 4a reimpr de la 1a ed
210 ## - Publicación, distribución, etc.
Lugar de publicación, distribución, etc. México
Nombre del editor, distribuidor, etc. Secretaría de Educación Pública
Fecha de publicación, distribución, etc. 2000
215 ## - Descripción física
Designación de material específico y extensión del ítem 97 p
Otras características físicas il.
Dimensiones 21 cm
345 ## - Nota de información de adquisición
Fuente de adquisición/dirección de la suscripción [OBSOLETO] Donación de la SEP
410 #1 - Series
Título Libros del Rincón
700 ## - Nombre personal - Responsabilidad primaria
Elemento de entrada Berocay
Parte del nombre distinta del elemento de entrada Roy
Número Koha 18611
702 ## - Nombre personal - Responsabilidad secundaria
Elemento de entrada Rodríguez
Parte del nombre distinta del elemento de entrada Gabriela
Número Koha 18612
801 #0 - Fuente de origen
Agencia cm
900 ## -
-- 1/8434
900 ## -
-- 7100420200\241104
942 ## - ELEMENTOS DE ENTRADA SECUNDARIOS (KOHA)
Tipo de ítem Koha Livre
996 ## -
-- MEX
-- 751145101
-- MMAG
-- 006414
-- U863.4 B532P
-- 20220504LIV
Exemplaires
Estatus retirado Estado de daño Estado de pérdida Fecha de adquisición Biblioteca de origen Biblioteca actual Ubicación en estantería Código de barras Precio de reemplazo Signatura topográfica completa No para préstamo Tipo de ítem Koha Nota pública Nota no pública
      05/08/2025 Casa México Paris Casa México Paris   006414 05/08/2025 U863.4 B532P   Livre 20220504LIV 751145101